| 000 | 00346nam a2200109Ia 4500 | ||
|---|---|---|---|
| 008 | 230907s9999||||xx |||||||||||||| ||und|| | ||
| 082 |
_a621.32 _bDIL |
||
| 100 |
_aDilouie, Craig _9115795 |
||
| 245 |
_aAdvanced lighting controls: energy savings, productivity, technology & applications / _cCraig Dilouie. |
||
| 260 | _c2019-09-27 | ||
| 942 |
_2ddc _cEB |
||
| 999 |
_c599610 _d599610 |
||